| 000 | 00657cam a2200229 a 4500 | ||
|---|---|---|---|
| 001 | 692741 | ||
| 005 | 20231115012740.0 | ||
| 008 | 961015s1997 enka b 001 0 eng | ||
| 020 | _a0415114748 | ||
| 020 | _a0415114756 (paper) | ||
| 040 |
_aDLC _cDLC _dDLC |
||
| 082 | 0 | 0 |
_a305.42 _221 _bBRO |
| 100 | 1 | _aBrooks, Ann, | |
| 245 | 1 | 0 |
_aPostfeminisms : _bfeminism, cultural theory, and cultural forms / _cAnn Brooks. |
| 260 |
_aLondon ; _aNew York : _bRoutledge, _c1997. |
||
| 300 | _a240 p. : | ||
| 650 | 0 | _aFeminist theory. | |
| 650 | 0 | _aCulture. | |
| 650 | 0 | _aFeminism | |
| 856 | 4 | 2 | _uhttp://www.loc.gov/catdir/enhancements/fy0648/96047498-d.html |
| 942 | _cL | ||
| 999 |
_c13 _d13 |
||